Parks and Recreation Episodes - Statistics

General Stats
  • This quiz has been taken 100 times
  • The average score is 34 of 122
Answer Stats
Hint Answer % Correct
Ron and ______ Tammy
85%
_____ Pilot
67%
Meet n _____ Greet
63%
___ Education Sex
63%
Leslie and ___ Ben
59%
How a ____ Becomes a ___ Bill Law
59%
_______ Festival Harvest
59%
Ann and _____ Chris
56%
Galentine's ___ Day
56%
The _______ ______ Super Awesome Musical Explosion Show Johnny Karate
56%
Win, ____, or ____ Lose Draw
56%
Born & ______ Raised
56%
Animal _______ Control
52%
Ron and _____ Diane
52%
Ms. Knope ____ to __________ Goes Washington
52%
____ Trip Road
52%
Flu ______ __ Season 2
52%
Freddy _________ Spaghetti
52%
The _____ of Leslie Knope Trial
52%
Go ___ or Go ____ Big Home
48%
___ Season Flu
48%
____ Tax Soda
48%
Are You ______ ___? Better Off
44%
I'm ______ _____ Leslie Knope
44%
Ms. _______-_____ Goes to Washington Ludgate Dwyer
44%
___ Tour Bus
41%
The ________ Kid Comeback
41%
Andy and April's _____ _____ Fancy Party
41%
Women in _______ Garbage
41%
One ____ ____ (episode has 2 parts) Last Ride
41%
Jerry's ___________ Retirement
41%
___ & _____: Part Two Ron Tammy
41%
Leslie vs. _____ April
37%
_______ for Votes Bowling
37%
Time _______ Capsule
37%
_______ Market Farmers
37%
___________ Day Galentine's
37%
______ Blitz Media
37%
Beauty _______ Pageant
37%
___ Meetings 94
33%
____ Club Boys'
33%
________ Ad Campaign
33%
_______ Camping
33%
_________ Response Emergency
33%
Donna and ___ Joe
33%
Greg ________ Pikitis
33%
______ Vote Recall
33%
Sweet _______ Sixteen
33%
________ Park Smallest
33%
Second _______ Chunce
30%
_______ Knope Citizen
30%
The _____ Fight
30%
_______ Trip Hunting
30%
Jerry's ________ Painting
30%
Ben's _______ Parents
30%
Pawnee ________ Rangers
30%
____ Returns Dave
26%
Ann's ________ Decision
26%
________ Eagleton
26%
______ (episode has 2 parts) London
26%
_____ Vote Swing
26%
Pawnee ___ Zoo
26%
______________ Lunch Correspondents'
22%
The ______ Debate
22%
Tom's ________ Divorce
22%
_________ Surprise Halloween
22%
William _____ ________ Henry Harrison
22%
______ Up (episode has 2 parts) Moving
22%
Live ____ Ammo
19%
New __________ Beginnings
19%
Two ________ Funerals
19%
___ It Up! Gin
19%
Leslie's _____ House
19%
Save ___ JJ's
19%
_____ and ___ Leslie Ron
19%
The ______ Plan Master
19%
___-Mary Pie
19%
Campaign _________ Shake-Up
19%
The Pawnee-Eagleton ___ ____ ________ Tip Off Classic
19%
The ______ Treaty
19%
____ 2017
15%
Gryzzl___ Box
15%
The ______ Bubble
15%
The _____ Camel
15%
Summer _______ Catalog
15%
Pawnee _______ Commons
15%
________ Kaboom
15%
_________ Ann Operation
15%
________ Date Practice
15%
_____ Show Rock
15%
Park ______ Safety
15%
Christmas _________ Scandal
15%
Ron and ______ Tammys
15%
One in _____ 8,000
11%
__________ Canvassing
11%
The _____ of ________ Cones Dunshire
11%
______________ Doppelgangers
11%
___ of the _____ End of the World
11%
____________ Indianapolis
11%
Ron and _____ Jammy
11%
____ __________ Li'l Sebastian
11%
_______ City Sister
11%
________ Telethon
11%
_______ Two Article
7%
The _______ Banquet
7%
___________ Filibuster
7%
_____ Lucky
7%
Two _______ Parties
7%
The ___ __ Set Up
7%
__________ Soulmates
7%
The _________ Stakeout
7%
______ of the _____ Woman Year
7%
________ Fluoride
4%
The _________ Reporter
4%
New ______ Slogan
4%
_____________ Anniversaries
0%
_______ Bailout
0%
_________ Partridge
0%
The ______ Possum
0%
____ Prom
0%
________ Sweetums
0%
The ____ Wall
0%
No matching quizzes found
Score Distribution
Percent of People with Each Score
Percentile by Number Answered
Your Score History
You have not taken this quiz